<?xml version="1.0" encoding="UTF-8"?><?xml-stylesheet type="text/xsl" href="static/style.xsl"?><OAI-PMH xmlns="http://www.openarchives.org/OAI/2.0/" xmlns:xsi="http://www.w3.org/2001/XMLSchema-instance" xsi:schemaLocation="http://www.openarchives.org/OAI/2.0/ http://www.openarchives.org/OAI/2.0/OAI-PMH.xsd"><responseDate>2026-04-17T06:52:21Z</responseDate><request verb="GetRecord" identifier="oai:www.recercat.cat:2072/487237" metadataPrefix="marc">https://recercat.cat/oai/request</request><GetRecord><record><header><identifier>oai:recercat.cat:2072/487237</identifier><datestamp>2025-10-05T14:34:35Z</datestamp><setSpec>com_2072_98</setSpec><setSpec>col_2072_378192</setSpec></header><metadata><record xmlns="http://www.loc.gov/MARC21/slim" xmlns:dcterms="http://purl.org/dc/terms/" xmlns:xsi="http://www.w3.org/2001/XMLSchema-instance" xmlns:doc="http://www.lyncode.com/xoai" xsi:schemaLocation="http://www.loc.gov/MARC21/slim http://www.loc.gov/standards/marcxml/schema/MARC21slim.xsd">
   <leader>00925njm 22002777a 4500</leader>
   <datafield ind2=" " ind1=" " tag="042">
      <subfield code="a">dc</subfield>
   </datafield>
   <datafield ind2=" " ind1=" " tag="720">
      <subfield code="a">Mallorquín, Sandra</subfield>
      <subfield code="e">author</subfield>
   </datafield>
   <datafield ind2=" " ind1=" " tag="720">
      <subfield code="a">Martínez-Sañudo, Luis</subfield>
      <subfield code="e">author</subfield>
   </datafield>
   <datafield ind2=" " ind1=" " tag="720">
      <subfield code="a">González-Riveiro, Maribel</subfield>
      <subfield code="e">author</subfield>
   </datafield>
   <datafield ind2=" " ind1=" " tag="720">
      <subfield code="a">Viñas-Noguera, Mireia</subfield>
      <subfield code="e">author</subfield>
   </datafield>
   <datafield ind2=" " ind1=" " tag="720">
      <subfield code="a">Pizà-Serra, Maria Del Mar</subfield>
      <subfield code="e">author</subfield>
   </datafield>
   <datafield ind2=" " ind1=" " tag="720">
      <subfield code="a">Pelfort, Xavier</subfield>
      <subfield code="e">author</subfield>
   </datafield>
   <datafield ind2=" " ind1=" " tag="720">
      <subfield code="a">Universitat Autònoma de Barcelona</subfield>
      <subfield code="e">author</subfield>
   </datafield>
   <datafield ind2=" " ind1=" " tag="260">
      <subfield code="c">2025</subfield>
   </datafield>
   <datafield ind2=" " ind1=" " tag="520">
      <subfield code="a">Introduction: Sports injuries are a significant concern in emergency departments and affect both amateur and professional athletes. With the increase in women's participation in sports, it is crucial to understand sex-specific injury characteristics, as patterns observed in men may not apply to women. This observational, descriptive and retrospective study aims to analyze sex differences in sports injuries to improve diagnosis, treatment, and prevention strategies. Our hypothesis is that sports injury patterns differ between sexes. Methods: Patients treated for sports injuries between 2020 and 2023 in the Emergency Department at our hospital were included in the study. Researchers collected data on demographics, sports practiced, types of injuries, and initial treatment, utilizing descriptive statistics, Student's t-test for continuous variables, Fisher's exact test for categorical variables, and variable correlation for data analysis. Results: A total of 977 patients were included in the study, 82% of whom were men. Significant differences were observed regarding the sport practiced (p &lt; 0.001) and the type of injury (p = 0.02) between the groups. No differences were observed in injury location or the percentage of patients receiving each treatment modality. Specific correlations were also conducted between sports, type of injury, and location. Contusions, ligamentous injuries and dislocations were associated with specific sports and/or locations in men and women. Ligamentous injuries were observed in both sexes predominantly in the ankle and knee. Conclusion: Increasing sports participation offers health benefits but also increases the risk of injuries. Our study aimed to investigate whether sports injury patterns differ between sexes. The results support this hypothesis, highlighting significant sex differences in injury patterns.</subfield>
   </datafield>
   <datafield ind1="8" ind2=" " tag="024">
      <subfield code="a">http://hdl.handle.net/2072/487237</subfield>
   </datafield>
   <datafield tag="653" ind2=" " ind1=" ">
      <subfield code="a">Emergency room</subfield>
   </datafield>
   <datafield tag="653" ind2=" " ind1=" ">
      <subfield code="a">Injury location</subfield>
   </datafield>
   <datafield tag="653" ind2=" " ind1=" ">
      <subfield code="a">Injury type</subfield>
   </datafield>
   <datafield tag="653" ind2=" " ind1=" ">
      <subfield code="a">Sex-difference</subfield>
   </datafield>
   <datafield tag="653" ind2=" " ind1=" ">
      <subfield code="a">Sports</subfield>
   </datafield>
   <datafield ind2="0" ind1="0" tag="245">
      <subfield code="a">Sports injuries in the emergency department : an observational study with a gender perspective</subfield>
   </datafield>
</record></metadata></record></GetRecord></OAI-PMH>